রাজা ও রানী / (Record no. 54644)
[ view plain ]
| 000 -LEADER | |
|---|---|
| fixed length control field | 00825nam a2200217 a 4500 |
| 001 - CONTROL NUMBER | |
| control field | 54644 |
| 003 - CONTROL NUMBER IDENTIFIER | |
| rucl marc code | BD-RjUL |
| 005 - DATE AND TIME OF LATEST TRANSACTION | |
| control field | 20211209080141.0 |
| 008 - FIXED-LENGTH DATA ELEMENTS--GENERAL INFORMATION | |
| fixed length control field | 161108r19521939ii ||||| |||| 00| d ben d |
| 035 ## - SYSTEM CONTROL NUMBER | |
| System control number | (BD-RjUL)54766 |
| 040 ## - CATALOGING SOURCE | |
| Original cataloging agency | BD-RjUL |
| Language of cataloging | ben |
| Transcribing agency | BD-RjUL |
| 041 ## - LANGUAGE CODE | |
| Language code of text/sound track or separate title | ben |
| 082 ## - DEWEY DECIMAL CLASSIFICATION NUMBER | |
| Edition number | 23 |
| Classification number | 891.442 |
| Author mark and year | TAR 1952 |
| 100 ## - MAIN ENTRY--PERSONAL NAME | |
| Personal name | ঠাকুর, রবীন্দ্রনাথ |
| 9 (RLIN) | 162980 |
| 245 10 - TITLE STATEMENT | |
| Title | রাজা ও রানী / |
| Statement of responsibility, etc. | রবীন্দ্রনাথ ঠাকুর |
| 260 ## - PUBLICATION, DISTRIBUTION, ETC. (IMPRINT) | |
| Place of publication, distribution, etc. | কলিকাতা : |
| Name of publisher, distributor, etc. | বিশ্বভারতী গ্রন্থালয়, |
| Date of publication, distribution, etc. | ১৯৩৯ [পুনর্মুদ্রণ ১৯৫২] |
| 300 ## - PHYSICAL DESCRIPTION | |
| Pagination | [৮], ১৫০ পৃ. ; |
| Size | ১৫ সেমি. |
| 650 ## - SUBJECT ADDED ENTRY--TOPICAL TERM | |
| Topical term or geographic name as entry element | বাংলা নাটক |
| 9 (RLIN) | 162981 |
| Topical term or geographic name as entry element | Bengali Drama |
| 9 (RLIN) | 162982 |
| 942 ## - ADDED ENTRY ELEMENTS (KOHA) | |
| Source of classification or shelving scheme | Dewey Decimal Classification |
| Koha item type | Books |
| Lost status | Source of classification or shelving scheme | Damaged status | Not for loan | Collection code | Permanent Location | Current Location | Shelving location | Date acquired | Source of acquisition | Cost, normal purchase price | Total Checkouts | Full call number | Date last seen | Copy number | Koha item type |
|---|---|---|---|---|---|---|---|---|---|---|---|---|---|---|---|
| Dewey Decimal Classification | Non-fiction | Central Library, University of Rajshahi | Central Library, University of Rajshahi | 28/09/1957 | Kamala Book, Calcutta | 1.12 | B 891.442 TAR 1952 | 08/11/2016 | C-2 | Books |